[Event "Bengaluru Karnataka op"]
[Site "Bengaluru"]
[Date "2018.04.14"]
[Round "2"]
[White "Yashas, Devappa"]
[Black "Bharath, M."]
[Result "1-0"]
[WhiteElo "2243"]
[BlackElo "1150"]
[PlyCount "33"]
[EventDate "2018.04.14"]
[EventType "swiss"]
[EventRounds "10"]
[EventCountry "IND"]
[SourceTitle "CBM 184 Extra"]
[Source "ChessBase"]
[SourceDate "2018.06.28"]
[SourceVersion "1"]
[SourceVersionDate "2018.06.28"]
[SourceQuality "1"]

1. b3 d5 2. Bb2 e6 3. Nf3 f5 4. g3 Nf6 5. Bg2 Bd6 6. d3 0-0 7. Nbd2 Qe7 8. 0-0 Nbd7 9. c4 c6 10. Nd4 a6 11. cxd5 Nxd5 12. Nc4 Bc7 13. Rc1 Qe8 14. e4 fxe4 15. dxe4 N5f6 16. Qe2 Qg6 17. Nxe6 1-0